A Store of General Knowledge(National Affairs) / (Record no. 1843)
[ view plain ]
| 000 -LEADER | |
|---|---|
| fixed length control field | 00574nam a2200217 a 4500 |
| 001 - CONTROL NUMBER | |
| JCCL Control Number | 1843 |
| 003 - CONTROL NUMBER IDENTIFIER | |
| JCCL marc code | BD-JhCC |
| 005 - DATE AND TIME OF LATEST TRANSACTION | |
| control field | 20171025092747.0 |
| 008 - FIXED-LENGTH DATA ELEMENTS--GENERAL INFORMATION | |
| fixed length control field | 171025s2011 bg |||| ||a| 000 0 eng d |
| 035 ## - SYSTEM CONTROL NUMBER | |
| system control number | (BD-JhCC) 1843 |
| 040 ## - CATALOGING SOURCE | |
| Original cataloging agency | BD-JhCC |
| Modifying agency | BD-JhCC |
| 041 ## - LANGUAGE CODE | |
| Language code of Book | eng |
| 082 ## - DEWEY DECIMAL CLASSIFICATION NUMBER | |
| Classification number | 001 |
| Author mark and Year | KAB 2011 |
| 100 ## - MAIN ENTRY--PERSONAL NAME | |
| Personal name | Kabir, H. |
| 245 ## - TITLE STATEMENT | |
| Title | A Store of General Knowledge(National Affairs) / |
| Statement of responsibility, etc | H. Kabir |
| 260 ## - PUBLICATION, DISTRIBUTION, ETC. (IMPRINT) | |
| Place of publication, distribution, etc | Rongpur : |
| Name of publisher, distributor, etc | Anu Books, Mordern Rongpur , |
| 300 ## - PHYSICAL DESCRIPTION | |
| Pagination | 360 .: |
| Dimensions | 22 cm . |
| 650 ## - SUBJECT ADDED ENTRY--TOPICAL TERM | |
| Topical term or geographic name as entry element | General Knowledge (Nationl Affairs) |
| 942 ## - ADDED ENTRY ELEMENTS (KOHA) | |
| Source of classification or shelving scheme | Dewey Decimal Classification |
| Koha item type | Books |
| Source of classification or shelving scheme | Damaged status | Not for loan | Home library | Current library | Shelving location | Date of accession | Cost, normal purchase price | Total Checkouts | Full call number | Barcode | Date last seen | Copy number | Koha item type | Date checked out |
|---|---|---|---|---|---|---|---|---|---|---|---|---|---|---|
| Dewey Decimal Classification | JCC Rouf Library | JCC Rouf Library | General Stacks | 10/25/2017 | 285.00 | 001 KAB 2011 | 2983 | 10/25/2017 | C-1 | Books | ||||
| Dewey Decimal Classification | JCC Rouf Library | JCC Rouf Library | General Stacks | 01/23/2024 | 285.00 | 1 | 001 KAB 2011 | 10294 | 01/23/2024 | C-2 | Books | 01/23/2024 |